000 00777nam a2200217Ia 4500
003 OSt
005 20250915113748.0
008 220926b |||||||| |||| 00| 0 eng d
037 _cReference
040 _aRTL
_cRTL
_beng
041 _2eng
_aeng
084 _aRxM59H L0/SC
_qRTL
100 _aHusserl, Edmund
_9371086
245 0 _aThe crisis of European science and transcendental phenomenology: An introduction to phenomenological philosophy
260 _aEvanston
_bNorth-Western University Press
_c1970
300 _axliii, 405 p.
_bIncludes bibliographical reference and index
650 _aMovements Phenomenology
_9821388
650 _aScience philosophy
_9821389
942 _hRxM59H L0/SC
_cREF
_2CC
_n0
999 _c691327
_d691327